01318nam a2200265Ia 4500952010800000999001700108008004100125020001500166050002800181100002700209240004000236245009500276260004000371300003600411490002600447500004700473500004300520505030400563519004400867650002200911650003800933650003700971700003701008942000701045 00104070a11b11d2007-01-08l5oNE1850 R87518p11 000586r2026-02-10s2026-02-09t1w2012-06-26yLB c68572d68572120626s1990 mx a 000 0 spa d a9688871516 aNE1850 R87518b R87518 aRussell, Dale eautor  aThe black & white book lEspañol  aEl libro del blanco y negro c/ Dale, Russell; versión castellana de Emili Olcina i Aya  aMéxico b: Gustavo Gili c, 1990  a144 páginasb: ilustraciones  aBiblioteca del Color  aTítulo original: The black & white book  aIncluye: Indice, Créditos (p. 144)  aUtilización de la "Biblioteca del Color" Introducción al blanco y negro Ilusión óptica, proporción y textura Psicología Marketing Cultura y época Los colores Los 25 colores principales con especificaciones Los colores principales sobre tintas de fondo Aplicaciones  aMaterial Complementario / d(11 000586) 0aCOLOR vMANUALES  0aBLANCO vCARTAS, DIAGRAMAS, ETC.  0aNEGRO vCARTAS, DIAGRAMAS, ETC.  aOlcina i Aya, Emili etraductor  cLB